[Event "Madrid Chamartin op 3rd"]
[Site "Madrid"]
[Date "2014.09.07"]
[Round "1"]
[White "Beyerholm, Arne"]
[Black "Arias de Reina Martinez, Francisco"]
[Result "1-0"]
[WhiteElo "2024"]
[BlackElo "1605"]
[PlyCount "99"]
[EventDate "2014.09.07"]
[EventType "swiss"]
[EventRounds "9"]
[EventCountry "ESP"]
[SourceTitle "CBM 162 Extra"]
[Source "ChessBase"]
[SourceDate "2014.10.17"]
[SourceVersion "1"]
[SourceVersionDate "2014.10.17"]
[SourceQuality "1"]

1. d4 Nf6 2. c4 g6 3. Nc3 d5 4. Nf3 Bg7 5. Qb3 dxc4 6. Qxc4 0-0 7. e4 e6 8. Bg5 Qd7 9. Ne5 Qe7 10. Ng4 h5 11. Ne5 c6 12. Be2 Nbd7 13. 0-0-0 Nb6 14. Qd3 Qc7 15. Bf4 Qe7 16. Qe3 Nfd7 17. Nxd7 Bxd7 18. Bh6 e5 19. Bxg7 Kxg7 20. Qf3 exd4 21. Rxd4 Kh6 22. h4 Be6 23. Qe3+ Kg7 24. f3 Rfd8 25. g4 Qc5 26. Rd3 Qxe3+ 27. Rxe3 Nc4 28. Bxc4 Bxc4 29. gxh5 gxh5 30. Rg1+ Kh6 31. f4 Rg8 32. Reg3 Rxg3 33. Rxg3 f6 34. Kc2 Rg8 35. Rxg8 Bxg8 36. b4 Kg7 37. a4 Bc4 38. a5 Kf7 39. Na4 Ke7 40. Nc5 b6 41. axb6 axb6 42. Na4 b5 43. Nc5 Kd6 44. Kc3 Ke7 45. Kd4 Kd6 46. Nb7+ Kc7 47. Na5 Be2 48. Kc5 Bf3 49. Nxc6 Bxe4 50. Nd4 1-0

[Event "Madrid-ch Seniors 0809"]
[Site "Madrid"]
[Date "2009.02.18"]
[Round "8"]
[White "Hernandez del Can, Jose Alberto"]
[Black "Arias de Reina Martinez, Francisco"]
[Result "1-0"]
[WhiteElo "1848"]
[BlackElo "1615"]
[PlyCount "27"]
[EventDate "2009.02.09"]
[EventType "swiss"]
[EventRounds "9"]
[EventCountry "ESP"]
[SourceTitle "CBM 128 Extra"]
[Source "ChessBase"]
[SourceDate "2009.03.05"]
[SourceVersion "2"]
[SourceVersionDate "2009.03.25"]
[SourceQuality "1"]

1. c4 c5 2. Nf3 Nc6 3. g3 g6 4. Nc3 Bg7 5. Bg2 e5 6. e3 Nge7 7. 0-0 d6 8. d3 0-0 9. a3 a5 10. Rb1 Be6 11. b3 e4 12. Nxe4 d5 13. Nxc5 Bf5 14. Nh4 1-0

[Event "Madrid-ch Previa-A"]
[Site "Madrid"]
[Date "2008.11.17"]
[Round "7"]
[White "Galan Aguado, Fernando"]
[Black "Arias de Reina Martinez, Francisco"]
[Result "0-1"]
[WhiteElo "1811"]
[BlackElo "1621"]
[PlyCount "78"]
[EventDate "2008.11.03"]
[EventType "swiss"]
[EventRounds "9"]
[EventCountry "ESP"]
[SourceTitle "CBM 127 Extra"]
[Source "ChessBase"]
[SourceDate "2009.01.08"]
[SourceVersion "2"]
[SourceVersionDate "2009.01.28"]
[SourceQuality "1"]

1. d4 Nf6 2. Nf3 g6 3. Bf4 Bg7 4. e3 d6 5. h3 0-0 6. Be2 Nbd7 7. 0-0 Re8 8. Nbd2 c5 9. Rb1 cxd4 10. exd4 e5 11. dxe5 dxe5 12. Bh2 Nd5 13. Ne4 N7f6 14. Nxf6+ Bxf6 15. Bc4 Nb6 16. Bb3 Be6 17. Bxe5 Bxe5 18. Nxe5 Bxb3 19. Nxg6 Qxd1 20. Rbxd1 Bxc2 21. Nf4 Bxd1 22. Rxd1 Rad8 23. Rc1 Re5 24. Rc3 Rf5 25. g3 Rd2 26. Rc7 Rxb2 27. Rxb7 Rxa2 28. h4 Nd5 29. Nd3 Nf6 30. Rb4 Rd5 31. Rb8+ Kg7 32. Nf4 Rdd2 33. Nh3 Ng4 34. Kg2 Nxf2 35. Ng5 Ne4+ 36. Kf3 Nxg5+ 37. hxg5 Ra4 38. Rb5 Rd3+ 39. Kg2 Raa3 0-1

[Event "Madrid-ch Previa-A"]
[Site "Madrid"]
[Date "2008.11.03"]
[Round "1"]
[White "Boni De Aristizabal, Marco"]
[Black "Arias de Reina Martinez, Francisco"]
[Result "1-0"]
[WhiteElo "1934"]
[BlackElo "1621"]
[PlyCount "31"]
[EventDate "2008.11.03"]
[EventType "swiss"]
[EventRounds "9"]
[EventCountry "ESP"]
[SourceTitle "CBM 127 Extra"]
[Source "ChessBase"]
[SourceDate "2009.01.08"]
[SourceVersion "2"]
[SourceVersionDate "2009.01.28"]
[SourceQuality "1"]

1. e4 c5 2. c3 Nf6 3. e5 Nd5 4. d4 cxd4 5. cxd4 g6 6. Nf3 Bg7 7. Bc4 Nb6 8. Bb3 d5 9. 0-0 Nc6 10. h3 Bf5 11. Nc3 0-0 12. Re1 Rc8 13. g4 Bd7 14. Nxd5 Nxd5 15. Bxd5 Bxg4 16. Bxc6 1-0

[Event "Madrid-ch Seniors"]
[Site "Madrid"]
[Date "2008.02.08"]
[Round "4"]
[White "Sanchez Rodenas, Jose Antonio"]
[Black "Arias de Reina Martinez, Francisco"]
[Result "1/2-1/2"]
[WhiteElo "1794"]
[BlackElo "1622"]
[PlyCount "80"]
[EventDate "2008.02.05"]
[EventType "swiss"]
[EventRounds "7"]
[EventCountry "ESP"]
[SourceTitle "EXT 2010"]
[Source "ChessBase"]
[SourceDate "2010.11.25"]
[SourceVersion "1"]
[SourceVersionDate "2010.11.25"]
[SourceQuality "1"]

1. d4 Nf6 2. c4 g6 3. Nc3 d5 4. cxd5 Nxd5 5. e4 Nxc3 6. bxc3 Bg7 7. Bc4 0-0 8. Ne2 c5 9. Be3 Nc6 10. dxc5 Qc7 11. 0-0 Na5 12. Bb3 Rd8 13. Qc2 Bd7 14. Rfd1 Rac8 15. Rac1 b6 16. cxb6 axb6 17. Bf4 Be5 18. Bxe5 Qxe5 19. Rd5 Qc7 20. Rcd1 Nxb3 21. axb3 Be6 22. Rxd8+ Rxd8 23. Rxd8+ Qxd8 24. f3 Qd6 25. Nd4 Bd7 26. Qf2 e5 27. Nc2 Qd1+ 28. Ne1 Qxb3 29. Qe3 Qe6 30. Qd2 Qc6 31. Nd3 Qd6 32. Qe3 Bc8 33. Nb4 Bb7 34. Kf2 Kf8 35. Ke1 Qc5 36. Qxc5+ bxc5 37. Nd5 Bxd5 38. exd5 c4 39. Ke2 Ke7 40. Ke3 f5 1/2-1/2

[Event "Madrid-ch Previa-A"]
[Site "Madrid"]
[Date "2002.10.30"]
[Round "6.11"]
[White "Corredor Gonzalez, Angel L"]
[Black "Arias de Reina Martinez, Francisco"]
[Result "1/2-1/2"]
[WhiteElo "1874"]
[BlackElo "1787"]
[PlyCount "81"]
[EventDate "2002.10.29"]
[EventType "swiss"]
[EventRounds "9"]
[EventCountry "ESP"]
[SourceTitle "EXT 2004"]
[Source "ChessBase"]
[SourceDate "2003.11.25"]
[SourceVersion "1"]
[SourceVersionDate "2003.11.25"]
[SourceQuality "1"]

1. e4 c6 2. Nf3 d5 3. Nc3 dxe4 4. Nxe4 Bf5 5. Ng3 Bg6 6. d4 e6 7. Bc4 Qc7 8. 0-0 Nd7 9. Re1 0-0-0 10. c3 Ngf6 11. Qe2 Be7 12. b4 Nb6 13. Bb3 Rhe8 14. a4 Kb8 15. a5 Nbd5 16. Bd2 Nd7 17. b5 cxb5 18. Qxb5 Qc6 19. Qxc6 bxc6 20. c4 Nb4 21. Bf4+ Kc8 22. Red1 f6 23. Ba4 Bf8 24. Bd2 e5 25. c5 Nc2 26. Rac1 Nxd4 27. Nxd4 exd4 28. Bxc6 Re5 29. Bxd7+ Rxd7 30. c6 Rdd5 31. Bf4 Re8 32. a6 Bd6 33. Be3 Rd8 34. Ne2 Bc7 35. Rxd4 Bd3 36. Rxd5 Rxd5 37. Nc3 Rd6 38. Na4 Bxa6 39. Bxa7 Bb5 40. Nb6+ Bxb6 41. Bxb6 1/2-1/2

[Event "Madrid-ch Previa-A"]
[Site "Madrid"]
[Date "2002.10.29"]
[Round "5.11"]
[White "Arias de Reina Martinez, Francisco"]
[Black "Galan Aguado, Fernando"]
[Result "1/2-1/2"]
[WhiteElo "1787"]
[BlackElo "1798"]
[PlyCount "81"]
[EventDate "2002.10.29"]
[EventType "swiss"]
[EventRounds "9"]
[EventCountry "ESP"]
[SourceTitle "EXT 2004"]
[Source "ChessBase"]
[SourceDate "2003.11.25"]
[SourceVersion "1"]
[SourceVersionDate "2003.11.25"]
[SourceQuality "1"]

1. c4 Nf6 2. Nc3 c5 3. g3 Nc6 4. Nf3 g6 5. Bg2 Bg7 6. 0-0 0-0 7. d4 cxd4 8. Nxd4 a6 9. Rb1 Qb6 10. Nxc6 bxc6 11. b3 Qa5 12. b4 Qh5 13. e4 Ng4 14. h3 Qe5 15. Bb2 Nf6 16. Nd5 Qb8 17. Nxf6+ exf6 18. Bd4 Rd8 19. Qb3 Qc7 20. Qc3 Qd6 21. Rfd1 Qe7 22. a4 d6 23. c5 Bd7 24. cxd6 Qxd6 25. Bc5 Qe6 26. Bd4 Be8 27. Kh2 c5 28. bxc5 Bxa4 29. Rd2 Bb5 30. Rbd1 Re8 31. f4 Rac8 32. Re1 Bf8 33. e5 f5 34. Rc1 Bc6 35. Bxc6 Rxc6 36. Bf2 Rb8 37. Rb2 Rbc8 38. Qa5 Qd5 39. Rbc2 Be7 40. Rd2 Qf3 41. Rc3 1/2-1/2